|
|
|
|
| LEADER |
02623nam a22003857a 4500 |
| 001 |
44879 |
| 003 |
BD-DhAAL |
| 005 |
20251005161623.0 |
| 008 |
250924t20231989bg a|||| |||| 00| 0dben d |
| 020 |
|
|
|a 9789848765692
|
| 040 |
|
|
|a BD-DhAAL
|c BD-DhAAL
|
| 041 |
|
|
|a ben
|
| 082 |
|
|
|a 305.4092
|2 23
|
| 100 |
|
|
|a বেগম, মালেকা.
|9 55956
|
| 245 |
|
|
|a ইলা মিত্র :
|b নাচোলের তেভাগা আন্দোলনের নেত্রী /
|c মালেকা বেগম.
|
| 246 |
|
|
|a Ila Mitra :
|b Nacholer Tebhaga Andoloner Netri
|
| 250 |
|
|
|a দ্বিতীয় সংস্করন.
|
| 260 |
|
|
|a ঢাকা :
|b প্রথমা প্রকাশন,
|c ২০২৩.
|
| 300 |
|
|
|a ২৩১ পৃষ্ঠা :
|b চিত্র ;
|c ২২ সে. মি.
|
| 500 |
|
|
|a প্রথম প্রকাশ ১৯৮৯
|
| 500 |
|
|
|a "Nacolera tebhaga andolanera netri"--Cover.
|
| 504 |
|
|
|a গ্রন্থপঞ্জিগত নির্দেশিকা অন্তভূক্ত
|
| 520 |
|
|
|a On the life and works of Ila Mitra, born in 1925, a Bengali woman political activist and communist of East Pakistan, now Bangladesh; includes some letters, interviews and articles by and about her.
|
| 526 |
|
|
|a RS (GenEd)
|x Tahseen H. Ali, PhD
Assistant Professor and Assistant Dean, RS
School of General Education
BRAC University
Course Name : Emergence of Bangladesh (EMB 101)
|
| 541 |
|
|
|a Hye Trade International
|e 44879, 44880
|
| 600 |
|
|
|a Mitra, Ila,
|d 1925-2002.
|9 59467
|
| 650 |
|
|
|a Women political activists
|z Bangladesh
|v Biography.
|9 59468
|
| 650 |
|
|
|a Women communists
|z Bangladesh
|v Biography.
|9 59469
|
| 650 |
|
|
|a Femmes activists
|z Bangladesh
|v Biographies.
|9 59470
|
| 655 |
|
|
|a Biography.
|
| 852 |
|
|
|a Ayesha Abed Library
|c General Stacks
|
| 942 |
|
|
|2 ddc
|c BK
|
| 999 |
|
|
|c 47572
|d 47572
|
| 952 |
|
|
|0 0
|1 0
|2 ddc
|4 0
|6 305_409200000000000_BEG
|7 0
|9 78283
|a SCL
|b SCL
|c GEN
|d 2025-09-23
|e Hye Trade International
|g 435.00
|l 0
|o 305.4092 BEG
|p 3020044879
|r 2025-09-23
|t 1
|v 870.00
|w 2025-09-23
|y BK
|x Requisitioned by Tahseen H. Ali, PhD (Assistant Professor and Assistant Dean, RS School of General Education, BRAC University) for the course named- "Emergence of Bangladesh (EMB 101)"
|
| 952 |
|
|
|0 0
|1 0
|2 ddc
|4 0
|6 305_409200000000000_BEG
|7 0
|9 78284
|a SCL
|b SCL
|c GEN
|d 2025-09-23
|e Hye Trade International
|g 435.00
|l 0
|o 305.4092 BEG
|p 3020044880
|r 2025-09-23
|t 2
|v 870.00
|w 2025-09-23
|y BK
|x Requisitioned by Tahseen H. Ali, PhD (Assistant Professor and Assistant Dean, RS School of General Education, BRAC University) for the course named- "Emergence of Bangladesh (EMB 101)"
|